000 00561nam a2200217 a 4500
001 BRCA_5897
005 20190320205245.0
008 170311t--------gw-#######---#000-0#ger-#
041 _ager
044 _agw
050 4 _aML718
_b.L64
100 1 _aLoeschhorn, A.
_914915
245 1 0 _aFührer durch die Klavier-Literatur herausgegeben.
260 _aBerlin
_bBote und G. Bock
300 _a118 p.
_c13 cm.
500 _aH138
650 1 4 _aMúsica de piano
_zBerlin.
_914916
650 1 4 _aLiteratura Pianística.
_914917
902 _aGFM
942 _2lcc
_cB
999 _c5586
_d5586